000 00638nam a2200205 i 4500
001 102648
003 ES-MaACL
005 20250823085849.0
007 t|
008 051124m19621964pr ||||1| spa d
080 _a821.134.2(729.5)-43"19"
100 1 _aVientós Gastón, Nilita.
_9114585
245 1 0 _aIndice cultural /
_cNilita Vientós Gastón.
260 _aRío Piedras :
_bUniversidad de Puerto Rico,
_c1962-64.
300 _a2 v. ;
_c21 cm.
505 8 _aI. 1948-55 y 1956 -- II. 1957-1958
710 2 _aUniversidad de Puerto Rico
_97273
852 _aES-MaACL
_jE-11110-11
_bR.136726
999 _c102648
_d102648